000 00960nam a2200217 i 4500
001 99117
003 ES-MaACL
005 20230906182436.0
007 t|
008 050902s1956 sp ||||1| spa d
100 1 _aMartín Galindo, José Luis.
_977499
245 1 0 _aArrieros leoneses :
_blos arrieros maragatos /
_cJosé Luis Martín Galindo.
260 _aLeón :
_b[s.n.],
_c1956 (
_fImp. Católica)
300 _aP. 153-179 ;
_c24 cm.
594 _aPrecede al tít.: Consejo Superior de Investigaciones Científicas. Centro de Estudios e Investigación de San Isidoro (León)
595 _aSeparata de: Archivos leoneses: revista de estudios y documentación de los reinos hispano-occidentales, n. 19, 1956.
650 4 _aArrieros-
_zLeón (Provincia)
_9173214
651 4 _aMaragatería (León, Comarca)-
_xSituación social-
_vHistoria.
_9163491
710 2 _aCentro de Estudios e Investigación "San Isidoro"
_9134242
852 _aES-MaACL
_j1973-F-23
999 _c99117
_d99117